| 000 | 00655nam a2200193Ia 4500 | ||
|---|---|---|---|
| 999 |
_c20433 _d48431 |
||
| 005 | 20170710060440.0 | ||
| 020 | _a9782035825766 | ||
| 037 | _aBC_669 15 | ||
| 040 |
_aBC-ENSA _bfre |
||
| 041 | _afre | ||
| 100 | _aCHARVET, Jean-Paul | ||
| 245 |
_aL'Alimentation dans le monde _bmieux nourire la planète |
||
| 250 | _a2éme ed. | ||
| 260 |
_aParis _bLarousse _c2007 |
||
| 300 |
_bill. _a128 p. _c19 CM |
||
| 562 | _e1 exemplaire(s) | ||
| 942 | _c09 | ||
| 653 | _aALIMENTATION/ALIMENTATION HUMAINE/MONDE/AGRICULTURE/CONSOMMATION/CONSOMMATION ALIMENTAIRE/PRODUIT ALIMENTAIRE/DEMOGRAPHIE/SECURITE ALIMENTAIRE/RENDEMENT/POLITIQUE AGRICOLE | ||